000 00423nam a2200145Ia 4500
041 _aArabic
082 _a796.812 cut-494 س
100 _a20260118u\\\\\\\\\\\y0engy0103\\\\ba
100 _aاسعد سرور
245 0 _aتعلم الكارتيه ودافع عن نفسك
250 _aط1
260 _bمنشورات دار ومكتبة الهلال
_aبيروت - لبنان
_c1997
300 _a224
942 _cBk
999 _c190400
_d190400